Riformagioni e provvigioni del Comune di Bologna dal 1248 al 1400 : (Record no. 1551)
[ view plain ]
| 000 -CABECERA | |
|---|---|
| campo de control de longitud fija | 00854cam a2200205 a 4500 |
| 001 - NÚMERO DE CONTROL | |
| campo de control | 000001670 |
| 005 - FECHA Y HORA DE LA ÚLTIMA TRANSACCIÓN | |
| campo de control | 20200929145645.0 |
| 008 - DATOS DE LONGITUD FIJA--INFORMACIÓN GENERAL | |
| campo de control de longitud fija | 840608s1961 it b 001 0 ita |
| 040 ## - FUENTE DE LA CATALOGACIÓN | |
| Centro catalogador/agencia de origen | DO-SdBNP |
| Centro/agencia modificador | spa |
| -- | BNPHU |
| 082 ## - NÚMERO DE LA CLASIFICACIÓN DECIMAL DEWEY | |
| Número de clasificación | 945.4541 |
| Número de documento/Ítem | B693r |
| 110 1# - ENTRADA PRINCIPAL--NOMBRE DE ENTIDAD CORPORATIVA | |
| Nombre de entidad corporativa o nombre de jurisdicción como elemento de entrada | Italia. |
| Unidad subordinada | Ministero Dell´Interno. |
| -- | Archivio di Stato Di Bologna. |
| 9 (RLIN) | 5427 |
| 245 10 - MENCIÓN DE TÍTULO | |
| Título | Riformagioni e provvigioni del Comune di Bologna dal 1248 al 1400 : |
| Resto del título | inventario. |
| 260 ## - PUBLICACIÓN, DISTRIBUCIÓN, ETC. | |
| Lugar de publicación, distribución, etc. | Roma : |
| Nombre del editor, distribuidor, etc. | Ministero Dell´Interno, |
| Fecha de publicación, distribución, etc. | 1961. |
| 300 ## - DESCRIPCIÓN FÍSICA | |
| Extensión | 382 p. ; |
| Dimensiones | 25 cm. |
| 490 1# - MENCIÓN DE SERIE | |
| Mención de serie | Ministero Dell´Interno Pubblicazioni degli Archivi Di Stato |
| Designación de volumen o secuencia | no. 48 |
| 651 #4 - PUNTO DE ACCESO ADICIONAL DE MATERIA--NOMBRE GEOGRÁFICO | |
| Nombre geográfico | Bolonia (Italia{Rpara} |
| Subdivisión general | Historia |
| 9 (RLIN) | 5428 |
| 610 14 - PUNTO DE ACCESO ADICIONAL DE MATERIA--NOMBRE DE ENTIDAD CORPORATIVA | |
| Nombre de entidad corporativa o nombre de jurisdicción como elemento de entrada | BOLONIA (ITALIA) |
| Unidad subordinada | ARCHIVOS NACIONAL DE ITALIA |
| 9 (RLIN) | 5429 |
| 610 14 - PUNTO DE ACCESO ADICIONAL DE MATERIA--NOMBRE DE ENTIDAD CORPORATIVA | |
| Nombre de entidad corporativa o nombre de jurisdicción como elemento de entrada | ITALIA |
| Unidad subordinada | MINISTERIO DEL INTERIOR |
| 9 (RLIN) | 5430 |
| 830 #0 - PUNTO DE ACCESO ADICIONAL DE SERIE-TÍTULO UNIFORME | |
| Título uniforme | Ministero Dell´Interno Pubblicazioni degli Archivi Di Stato ; |
| Designación de volumen o secuencia | no. 48 |
| 9 (RLIN) | 5431 |
| Estado de retiro | Estado de pérdida | Restricciones de uso | No para préstamo | Código de colección | Localización permanente | Ubicación/localización actual | Ubicación en estantería | Fecha de adquisición | Número de inventario | Total de préstamos | Signatura topográfica completa | Código de barras | Fecha visto por última vez | Precio válido a partir de | Tipo de ítem Koha |
|---|---|---|---|---|---|---|---|---|---|---|---|---|---|---|---|
| Préstamo interno | Monografías: Libros y Folletos | General | General | En catalogación | 14.09.2009 | LF1 | 945.4541 B693r | 1670-10 | 25.06.2020 | 25.06.2020 | Préstamo interno |
